| 000 | 00863nas a2200277 4500 | ||
|---|---|---|---|
| 001 | BR2015000356 | ||
| 003 | BR-BrBNA | ||
| 005 | 20231205124958.0 | ||
| 007 | ta | ||
| 008 | 230509b bl.|||p| |||| 00| 00por d | ||
| 040 |
_aBR-BrBNA _bpor _cBiblioteca Nacional de Agricultura |
||
| 041 | _a(Pt) | ||
| 072 | _aF01; Q02; Q03 | ||
| 100 | 1 | _aVirgolin, L.B. | |
| 100 | 1 | _aGeromel, M.R. | |
| 100 | 1 | _aManfrin, S.C.P. | |
| 100 | 1 | _aFazio, M.L.S. | |
| 245 | 1 | _aQualidade higienicossanitária de hortaliças minimamente processadas, comercializadas na região de Catanduva, SP | |
| 650 | _aHORTALIÇA | ||
| 650 | _aLEGUME | ||
| 650 | _aSALMONELLA | ||
| 650 | _aCOLIFORME | ||
| 773 | 0 |
_tHigiene Alimentar (Brazil) _xISSN 0101-9171 _g(Mar-Apr 2013), v. 27(218-219) p. 130-134 _wBR2015000356 |
|
| 909 |
_a202311 _bLúcia _c55 _dLúcia Elande |
||
| 942 |
_2AGRIS _n0 _cANA |
||
| 999 |
_c241958 _d241958 |
||